[Event "87th YMCA Winter-B"]
[Site "Warszawa"]
[Date "2011.03.23"]
[Round "12"]
[White "Moskwinski, Marek"]
[Black "Kwiatkowski, Andrzej"]
[Result "1/2-1/2"]
[WhiteElo "1872"]
[BlackElo "1843"]
[PlyCount "101"]
[EventDate "2011.01.05"]
[EventType "tourn"]
[EventRounds "1"]
[EventCountry "POL"]
[SourceDate "2011.01.05"]

1. e4 e5 2. Nf3 Nc6 3. Bb5 a6 4. Ba4 Nf6 5. O-O Be7 6. Re1 b5 7. Bb3 d6 8. h3
O-O 9. c3 Bb7 10. Bc2 Re8 11. d4 h6 12. Nbd2 Bf8 13. d5 Nb8 14. Nf1 c6 15. Ne3
cxd5 16. Nxd5 Nxd5 17. exd5 Nd7 18. g4 g6 19. g5 h5 20. Be3 Nb6 21. Bxb6 Qxb6
22. Be4 Bc8 23. Kh2 Qxf2+ 24. Kh1 Bxh3 25. Re2 Bg2+ 26. Kh2 Bxf3+ 27. Rxf2 Bxd1
28. Rxd1 Be7 29. Rdf1 Bxg5 30. Rxf7 Bf4+ 31. R7xf4 exf4 32. Bxg6 Re2+ 33. Kh3
Rxb2 34. Rxf4 Rf8 35. Re4 Rf3+ 36. Kh4 Kg7 37. Bxh5 Rd3 38. Re7+ Kf6 39. Re6+
Kg7 40. Re7+ Kf6 41. Re6+ Kf5 42. Bg6+ Kf4 43. Rf6+ Ke3 44. Bxd3 Kxd3 45. Rxd6
Rxa2 46. Rc6 Ke4 47. d6 Kf4 48. Kh3 a5 49. Rc5 Rd2 50. Rxb5 Rxd6 51. Rxa5
1/2-1/2

[Event "87th YMCA Winter-B"]
[Site "Warszawa"]
[Date "2011.03.23"]
[Round "12"]
[White "Milczarek, Robert"]
[Black "Liberadzki, Slawomir"]
[Result "0-1"]
[WhiteElo "1882"]
[BlackElo "2013"]
[Annotator "M"]
[PlyCount "98"]
[EventDate "2011.01.05"]
[EventType "tourn"]
[EventRounds "1"]
[EventCountry "POL"]
[SourceDate "2011.01.05"]

1. d4 d5 2. Nf3 Nf6 3. c4 e6 4. Nc3 Nbd7 5. cxd5 exd5 6. Bg5 Be7 7. e3 c6 8.
Bd3 O-O 9. Qc2 Re8 10. O-O h6 11. Bf4 Nh5 12. Nxd5 Nxf4 13. Nxf4 Bd6 14. Ne2
Nf8 15. h3 Qa5 16. e4 Ne6 17. e5 Bf8 18. a3 Bd7 19. Rfd1 Rad8 20. Bc4 Bc8 21.
Qe4 Be7 22. h4 Qc7 23. Rac1 Qd7 24. Nc3 Nc7 25. d5 cxd5 26. Nxd5 Nxd5 27. Bxd5
Qg4 28. e6 Bxe6 29. Qxg4 Bxg4 30. Bxf7+ Kxf7 31. Ne5+ Ke6 32. Nxg4 Rxd1+ 33.
Rxd1 $11 Bxh4 34. Rd3 Rd8 35. Re3+ Kf5 36. f3 Bg3 37. Kf1 Rd2 38. Rb3 b6 39.
Ne3+ Ke6 40. Rb4 Rf2+ 41. Kg1 Re2 42. Re4+ Kf7 43. Nf1 Bf2+ 44. Kh2 Rxb2 45. a4
Bc5 46. Kg3 a5 47. Kg4 Rxg2+ 48. Kf4 g5+ 49. Kf5 Rf2 0-1

[Event "87th YMCA Winter-B"]
[Site "Warszawa"]
[Date "2011.03.30"]
[Round "13"]
[White "Kwiatkowski, Andrzej"]
[Black "Milczarek, Robert"]
[Result "1-0"]
[WhiteElo "1843"]
[BlackElo "1882"]
[PlyCount "67"]
[EventDate "2011.01.05"]
[EventType "tourn"]
[EventRounds "1"]
[EventCountry "POL"]
[SourceDate "2011.01.05"]

1. e4 Nf6 2. Nc3 d5 3. e5 Nfd7 4. e6 fxe6 5. d4 Nf6 6. Nf3 c6 7. Bd3 Qc7 8. Bg5
b6 9. O-O Ba6 10. Bxa6 Nxa6 11. Qe2 Qc8 12. Rfe1 Nc7 13. Ne5 Qb7 14. Bxf6 exf6
15. Qh5+ g6 16. Nxg6 hxg6 17. Qxh8 O-O-O 18. Qxf6 c5 19. Ne2 Bd6 20. Qxg6 Rf8
21. Rac1 Kb8 22. c3 Qc8 23. b3 Rg8 24. Qd3 Qf8 25. Ng3 Qh6 26. Rc2 Rh8 27. h3
Rg8 28. Rce2 Qh4 29. Re5 c4 30. bxc4 dxc4 31. Qxc4 Bxe5 32. Rxe5 Nd5 33. Rxe6
Nf6 34. Rxf6 1-0

[Event "87th YMCA Winter-B"]
[Site "Warszawa"]
[Date "2011.03.30"]
[Round "13"]
[White "Wroblewski, Szymon"]
[Black "Moskwinski, Marek"]
[Result "1-0"]
[WhiteElo "1831"]
[BlackElo "1872"]
[PlyCount "33"]
[EventDate "2011.01.05"]
[EventType "tourn"]
[EventRounds "1"]
[EventCountry "POL"]
[SourceDate "2011.01.05"]

1. e4 e5 2. Nf3 Nc6 3. d4 exd4 4. Nxd4 Nf6 5. Nxc6 bxc6 6. e5 Qe7 7. Qe2 Nd5 8.
b3 g6 9. Ba3 Qg5 10. h4 Qf4 11. Bb2 Bg7 12. c4 Nb6 13. g3 Qf5 14. Bh3 Qh5 15.
Bg4 Qh6 16. O-O d6 17. exd6+ 1-0

[Event "87th YMCA Winter-B"]
[Site "Warszawa"]
[Date "2011.02.08"]
[Round "13"]
[White "Safanowski, Tomasz"]
[Black "Potocki, Karol"]
[Result "0-1"]
[WhiteElo "1953"]
[BlackElo "1860"]
[Annotator "M"]
[PlyCount "76"]
[EventDate "2011.01.05"]
[EventType "tourn"]
[EventRounds "1"]
[EventCountry "POL"]
[SourceDate "2011.01.05"]

1. f4 d5 2. Nf3 Nf6 3. e3 Bg4 4. Be2 Nbd7 5. Ne5 Bxe2 6. Qxe2 c6 7. b3 e6 8.
Bb2 Qc7 9. c4 Bd6 10. Nc3 Nxe5 11. c5 Bxc5 12. fxe5 Nd7 13. Rc1 Be7 14. Nxd5
exd5 15. e6 Nf6 16. e4 Nxe4 17. exf7+ Kf8 18. O-O h5 19. Rce1 Qd7 20. Qd3 Bc5+
21. Kh1 Nf2+ 22. Rxf2 Bxf2 23. Rf1 Qxf7 24. Bd4 $11 Bxd4 25. Rxf7+ Kxf7 26.
Qxd4 Rh6 27. Qf4+ Rf6 28. Qc7+ Ke6 29. g4 Rf7 30. Qg3 Raf8 31. Qe3+ Kd6 32.
Qxa7 Rf1+ 33. Kg2 R1f2+ 34. Kg1 R2f4 35. h3 hxg4 36. Qxb7 gxh3 37. Qxg7 Rf1+
38. Kh2 R8f2+ 0-1

[Event "87th YMCA Winter-B"]
[Site "Warszawa"]
[Date "2011.03.30"]
[Round "13"]
[White "Szukalski, Antoni"]
[Black "Ponceleusz, Bronislaw"]
[Result "1/2-1/2"]
[WhiteElo "1815"]
[BlackElo "1928"]
[Annotator "M"]
[PlyCount "56"]
[EventDate "2011.01.05"]
[EventType "tourn"]
[EventRounds "1"]
[EventCountry "POL"]
[SourceDate "2011.01.05"]

1. e4 c5 2. c3 Nf6 3. e5 Nd5 4. d4 cxd4 5. cxd4 Nc6 6. Nf3 d6 7. exd6 Qxd6 8.
Be2 g6 9. O-O Bg7 10. Nc3 Nxc3 11. bxc3 O-O 12. Be3 b6 13. Qd2 Rd8 14. Bf4 Qa3
15. Bb5 Bb7 16. Qe3 Rac8 17. Qc1 Qa5 18. Qb2 a6 19. Be2 b5 20. a3 e6 21. Rfd1
Ne7 22. Bd2 Qc7 23. a4 bxa4 24. Rxa4 a5 25. Rda1 Ra8 26. Rc4 Nc6 27. Bf4 Qd7
28. Rca4 Ba6 $11 1/2-1/2